000
00260nam a2200109Ia 4500
008
220204s9999 xx 000 0 und d
082
_a
82-3
_b
HES
100
_a
Hesse, Hermann
245
0
_a
Narziss and Goldmund
260
_a
England
_b
Penguin
_c
1978
942
_c
BK
999
_c
33017
_d
33017